[Event "GastonLagaffe"]
[Site "http://www.queenalice.com/game.php?id=1209501"]
[Date "2013.8.19"]
[Round "1"]
[White "fluke"]
[Black "scoutoujours"]
[Result "0-1"]
[WhiteElo "1411"]
[BlackElo "1765"]

1. e4 e6 2. a3 d5 3. Nc3 c5 4. Bb5+ Nc6 5. Qf3 d4 6. Na4 Bd7 7. g4 a6 8. Bc4 Ne5
9. Qb3 Nxc4 10. Qxc4 b5 11. Qe2 bxa4 12. e5 Ne7 13. d3 Bc6 14. f3 Ng6 15. Nh3
Be7 0-1

[Event "SHE 'S THE BOSS III"]
[Site "http://www.queenalice.com/game.php?id=1223633"]
[Date "2013.10.10"]
[Round "-"]
[White "rogeriooliveira"]
[Black "fluke"]
[Result "0-1"]
[WhiteElo "1228"]
[BlackElo "1402"]

1. e4 e5 2. d4 d6 3. d5 c6 4. dxc6 bxc6 5. Nf3 Nf6 6. Nc3 Bg4 7. Bc4 Qa5 8. Bd2
d5 9. exd5 cxd5 10. Be2 Nbd7 11. O-O e4 12. Nh4 Be6 13. Bg5 Bc5 14. Bxf6 Nxf6
15. Qd2 Rb8 16. b3 Qc7 17. Rab1 Ng4 18. h3 Qh2# 0-1

[Event "AUTO-INT-2760"]
[Site "http://www.queenalice.com/game.php?id=1232943"]
[Date "2013.11.17"]
[Round "1"]
[White "gonzo655"]
[Black "fluke"]
[Result "1-0"]
[WhiteElo "1627"]
[BlackElo "1432"]

1. e4 c5 2. c4 e5 3. Nf3 d6 4. d3 Nc6 5. Nc3 Be6 6. Bg5 Be7 7. Qd2 Qa5 8. Bxe7
Ngxe7 9. a3 Ng6 10. g3 f6 11. Be2 a6 12. O-O O-O-O 13. b4 cxb4 14. axb4 Qxb4 15.
Ra4 Qc5 16. Rb1 Nd4 17. Qb2 Rd7 18. Rb4 b5 19. Nxd4 exd4 20. Na4 Qc6 21. cxb5
axb5 22. Rxb5 1-0

[Event "AUTO-INT-2760"]
[Site "http://www.queenalice.com/game.php?id=1232944"]
[Date "2013.11.17"]
[Round "1"]
[White "fluke"]
[Black "gonzo655"]
[Result "0-1"]
[WhiteElo "1471"]
[BlackElo "1612"]

1. e4 e5 2. Nf3 Nc6 3. b3 f6 4. c3 d6 5. d4 Bg4 6. d5 Nce7 7. Be2 c6 8. h3 Bh5
9. Nh4 Bxe2 10. Qxe2 g5 11. Qh5+ Kd7 12. Nf5 Nxf5 13. exf5 cxd5 14. Qf7+ Kc6 15.
Qh5 Nh6 16. Qf3 e4 17. Qe2 Nxf5 18. Be3 a6 19. c4 d4 20. Bd2 Qe7 21. Qg4 Qe5 22.
Bf4 gxf4 0-1

[Event "AUTO-INT-2760"]
[Site "http://www.queenalice.com/game.php?id=1232959"]
[Date "2013.11.17"]
[Round "1"]
[White "fluke"]
[Black "danielporrasarias"]
[Result "0-1"]
[WhiteElo "1387"]
[BlackElo "1677"]

1. e4 e5 2. Nf3 Nc6 3. Nc3 Bc5 4. Bc4 d6 5. h3 Nf6 6. Ng5 O-O 7. d3 Nd4 8. Be3
a6 9. h4 Bg4 10. f3 Bd7 11. g3 Nxc2+ 12. Qxc2 Bxe3 13. Nd5 Bxg5 14. hxg5 Nxd5
15. Rh5 g6 16. Rh3 Bxh3 17. Bxd5 c6 18. Bb3 Qxg5 19. Qh2 Qe3+ 20. Qe2 Qg1+ 0-1

[Event "AUTO-INT-2760"]
[Site "http://www.queenalice.com/game.php?id=1232960"]
[Date "2013.11.17"]
[Round "1"]
[White "danielporrasarias"]
[Black "fluke"]
[Result "0-1"]
[WhiteElo "1682"]
[BlackElo "1411"]

1. e4 c5 2. Bc4 Nf6 3. d3 e5 4. Nf3 Nc6 5. Be3 d6 6. h3 Be6 7. Bxe6 fxe6 8. Nc3
d5 9. O-O d4 10. Bd2 dxc3 11. Bxc3 Bd6 12. Qd2 b5 13. b3 b4 14. Bb2 c4 15. Qg5
O-O 16. Nxe5 h6 17. Nxc6 hxg5 18. Nxd8 Rfxd8 19. e5 c3 20. Bxc3 bxc3 21. exd6
Rxd6 22. Rfe1 g4 23. hxg4 Nxg4 24. Re4 Nf6 25. Re5 Rf8 26. f3 Kf7 27. g4 Rh8 28.
Rae1 Rh3 29. Kg2 Rh8 30. a4 Nd7 31. R5e4 e5 32. Rc4 Rdh6 33. Kf2 Rh2+ 34. Ke3
Rxc2 35. Rc7 Ke7 36. d4 Kd6 37. Rc5 Nxc5 38. dxe5+ Kxe5 39. f4+ Kf6 40. Kd4
Nxb3+ 41. Kc4 Na5+ 42. Kd3 Rhh2 43. Kd4 Rh3 44. g5+ Kf5 45. Re5+ Kxf4 46. Rxa5
Rd2+ 47. Kc4 c2 48. Rb5 c1=Q+ 49. Kb4 Qc3# 0-1

[Event "AUTO-INT-2760"]
[Site "http://www.queenalice.com/game.php?id=1232961"]
[Date "2013.11.17"]
[Round "1"]
[White "fluke"]
[Black "Slazenger"]
[Result "0-1"]
[WhiteElo "1476"]
[BlackElo "1672"]

1. e4 e6 2. e5 f6 3. d4 d5 4. Nf3 Nc6 5. Bb5 Bd7 6. Be3 h6 7. Nc3 a6 8. Bd3 f5
9. a3 Na7 10. a4 a5 11. Bb5 c6 12. Bd3 Be7 13. Na2 Rb8 14. Qd2 b5 15. axb5 cxb5
16. b4 a4 17. h3 g6 18. g4 Nc6 19. Rg1 Kf7 20. Rb1 g5 21. Qe2 Qf8 22. c3 Na7 23.
Bc1 f4 24. Bc2 Bc6 25. Qd3 Qg7 26. Rh1 Bd8 27. Qe2 Ne7 28. h4 Bb6 29. hxg5 hxg5
30. Rh5 Rxh5 31. gxh5 Qh6 0-1

[Event "Challenge"]
[Site "http://www.queenalice.com/game.php?id=1232977"]
[Date "2013.11.17"]
[Round "-"]
[White "fluke"]
[Black "Atalxxi"]
[Result "1-0"]
[WhiteElo "1461"]
[BlackElo "1443"]

1. d4 d5 2. Nf3 Nc6 3. Nc3 Nf6 4. e3 e6 5. a3 Be7 6. Bd3 a6 7. O-O Bd6 8. e4
dxe4 9. Nxe4 e5 10. dxe5 Bxe5 11. Bg5 Bxb2 12. Ra2 Be5 13. Nxf6+ Bxf6 14. Re1+
Be6 15. Bxf6 Qxf6 16. Qb1 b5 17. Be4 O-O 18. Bxc6 Rad8 19. Rb2 Qg6 20. Rd1 Bh3
21. Ne5 Qxg2+ 22. Bxg2 Bf5 23. Rxd8 Rxd8 24. Qe1 h6 25. Be4 Bxe4 26. Qxe4 c5 27.
Qc6 1-0

[Event "Challenge"]
[Site "http://www.queenalice.com/game.php?id=1233105"]
[Date "2013.11.17"]
[Round "-"]
[White "fluke"]
[Black "Leovitor"]
[Result "1-0"]
[WhiteElo "1383"]
[BlackElo "1470"]

1. e4 e6 2. e5 d5 3. d4 c5 4. c3 Nc6 5. Be3 Qb6 6. b3 cxd4 7. Bxd4 Qc7 8. Nf3
Nge7 9. Bb5 g6 10. O-O Bg7 11. Nbd2 O-O 12. Re1 Bd7 13. a4 a6 14. Bd3 Rfe8 15.
Ng5 Bh6 16. h4 Rab8 17. f4 Nxd4 18. cxd4 b5 19. Ndf3 bxa4 20. bxa4 Bb5 21. axb5
axb5 22. Rb1 Rec8 23. Bxb5 Nf5 24. Rc1 Qd7 25. Bxd7 1-0

[Event "Challenge"]
[Site "http://www.queenalice.com/game.php?id=1233106"]
[Date "2013.11.17"]
[Round "-"]
[White "fluke"]
[Black "marcosuc"]
[Result "1-0"]
[WhiteElo "1438"]
[BlackElo "1401"]

1. e4 e5 2. Nf3 d5 3. c3 dxe4 4. Nxe5 Bc5 5. Bc4 Qf6 6. d4 Bb6 7. Nxf7 Qc6 8.
Qb3 e3 9. Nxh8 Qxg2 10. Rf1 Nf6 11. Bb5+ c6 12. Qf7+ Kd8 13. Bc4 Ng4 14. Bxe3
Nxh2 15. Rh1 Qxh1+ 16. Bf1 Qxf1+ 17. Kd2 Bg4 18. Bg5+ Kc8 19. Qe8+ Bd8 20. Qxd8#
1-0

[Event "Challenge"]
[Site "http://www.queenalice.com/game.php?id=1234674"]
[Date "2013.11.23"]
[Round "-"]
[White "Leovitor"]
[Black "fluke"]
[Result "0-1"]
[WhiteElo "1510"]
[BlackElo "1453"]

1. e4 c5 2. Nf3 Nc6 3. d4 cxd4 4. Nxd4 e5 5. Nb3 Nf6 6. Nc3 Bb4 7. Bd2 d6 8. Bb5
Bg4 9. f3 Be6 10. O-O a6 11. Bd3 O-O 12. a3 Bc5+ 13. Kh1 Nh5 14. Nxc5 dxc5 15.
Be2 Nf4 16. g3 Nxe2 17. Qxe2 Nd4 18. Qd1 Bc4 19. b3 Bxf1 20. Qxf1 Nxc2 21. Ra2
Qxd2 0-1

[Event "Challenge"]
[Site "http://www.queenalice.com/game.php?id=1234971"]
[Date "2013.11.24"]
[Round "-"]
[White "fluke"]
[Black "ganatoro"]
[Result "0-1"]
[WhiteElo "1424"]
[BlackElo "1360"]

1. d4 e6 2. d5 exd5 3. Qxd5 Bb4+ 4. Bd2 Bxd2+ 5. Nxd2 Nf6 6. Qe5+ Qe7 7. Qxe7+
Kxe7 8. e4 Nc6 9. Bc4 Nd4 10. O-O-O d5 11. exd5 Bg4 12. Re1+ Kd7 13. f3 Bf5 14.
c3 Nc2 15. Re5 g6 16. g4 Rhe8 17. Rxe8 Rxe8 18. gxf5 Ne1 19. Nh3 Ng2 20. Bb3
gxf5 21. Rg1 Ne3 22. c4 b6 23. Rg7 Kd6 0-1